000 00533nam a2200157 a 4500
008 120416s1970 xx |||||||||||||| || u
050 _aQE 28.3 Kum
100 _aKummel, Bernhard
245 1 0 _aHistory of the earth
246 _aan introduction to historical geology
250 _a2nd ed.
260 _a
_bW.H. Freeman
_c1970
300 _axix, 707p. : ill
350 _a0.00
995 _D0.00
_FCBU-MAIN LIBRARY (Kitwe)
_H1
_I6.00
_UAVAILABLE
_ZAnnex Low-Usage Collection
999 _c45613
_d45613